| 000 | 00769nam a2200277 a 4500 | ||
|---|---|---|---|
| 005 | 20210219153353.0 | ||
| 008 | 991125n 000 0 u | ||
| 035 | _aUPN01000094542 | ||
| 100 | _aNervi Fre, Juan Ricardo | ||
| 222 | _aEDUCACION Y DESARROLLO | ||
| 245 | _aProgramación por objetivos I | ||
| 300 | _a13-16 | ||
| 362 | _a1979 Año 2, no. 17 dic. | ||
| 653 | 0 | _aALUMNOS | |
| 653 | 0 | _aCONOCIMIENTO | |
| 653 | 0 | _aCURRICULUM | |
| 653 | 0 | _aDEWEY, JOHN, 1859-1952 | |
| 653 | 0 | _aFILOSOFIA EDUCATIVA | |
| 653 | 0 | _aMAESTROS | |
| 653 | 0 | _a7. OBJETIVOS EDUCATIVOS | |
| 653 | 0 | _a8. PROCESO DE PENSAMIENTO | |
| 653 | 0 | _a9. PROCESO ENSE\197ANZA-APRENDIZAJE | |
| 653 | 0 | _a10. SISTEMA EDUCATIVO NACIONAL | |
| 904 |
_aAC _b032353 |
||
| 905 | _aArticulo | ||
| 999 |
_c75159 _d75159 |
||